[Event "zonal 1.4 (w)"]
[Site "Nadole POL"]
[Date "1995.06.??"]
[Round "?"]
[White "Nutu-Gajic, Daniela"]
[Black "Radu, Elena-Luminita"]
[Result "0-1"]
[WhiteElo "2320"]
[BlackElo "2330"]
[EventDate "1995.06.03"]
[PlyCount "120"]

1.d4 d5 2.c4 e6 3.Nf3 c6 4.Qc2 Nf6 5.Nbd2 Nbd7 6.e4 dxe4 7.Nxe4 c5 8.dxc5 
Nxe4 9.Qxe4 Bxc5 10.a3 Qa5+ 11.Nd2 Nf6 12.Qf4 O-O 13.Be2 e5 14.Qh4 Rd8 15.
Rb1 Bf5 16.b4 Qa4 17.bxc5 Bxb1 18.Nxb1 Qc2 19.Qg5 h6 20.Qe3 Qxb1 21.O-O 
Qe4 22.Bf3 Qxe3 23.Bxe3 e4 24.Be2 Rd7 25.Rb1 Rc8 26.h3 Kh7 27.Kh2 g6 28.f3
Kg7 29.Rb3 Rc6 30.g4 Rc8 31.f4 Rcd8 32.g5 hxg5 33.fxg5 Nh5 34.Bc1 f5 35.
gxf6+ Nxf6 36.Kg2 Re8 37.Be3 Re6 38.Rb5 Re8 39.Rb1 Re5 40.h4 Re8 41.Rb3 
Re6 42.Bc1 Rc6 43.Be3 Re6 44.Bc1 Re5 45.Be3 Rf5 46.a4 Re5 47.a5 Re6 48.Ra3
Rc6 49.Ra1 Rf7 50.Rb1 Nh5 51.Bg4 Nf4+ 52.Kh2 Nd3 53.h5 Nxc5 54.Rg1 Nd3 55.
hxg6 Rxg6 56.Bxa7 Kf8 57.Be3 Rh7+ 58.Kg3 Ne5 59.Kf4 Nxg4 60.Rxg4 Rf7+ 0-1

[Event "zonal 1.4 (w)"]
[Site "Nadole POL"]
[Date "1995.06.??"]
[Round "?"]
[White "Bobrowska, Monika"]
[Black "Radu, Elena-Luminita"]
[Result "1/2-1/2"]
[WhiteElo "2310"]
[BlackElo "2330"]
[EventDate "1995.06.03"]
[PlyCount "35"]

1.d4 d5 2.Nf3 e6 3.c4 c6 4.cxd5 exd5 5.Bf4 Qb6 6.Qc2 g6 7.Nc3 Bf5 8.Qc1 
Nd7 9.e3 Ngf6 10.Be2 Nh5 11.Be5 Nxe5 12.Nxe5 Nf6 13.Bd3 Be6 14.O-O Nd7 15.
Nxd7 Bxd7 16.Na4 Qc7 17.Nc5 Bd6 18.Nxd7 1/2-1/2

[Event "zonal 1.4 (w)"]
[Site "Nadole POL"]
[Date "1995.06.??"]
[Round "?"]
[White "Radu, Elena-Luminita"]
[Black "Peptan, Corina-Isabela"]
[Result "1-0"]
[WhiteElo "2330"]
[BlackElo "2295"]
[EventDate "1995.06.03"]
[PlyCount "63"]

1.e4 c5 2.Nc3 Nc6 3.g3 g6 4.d3 Bg7 5.Bg2 e5 6.f4 d6 7.Nh3 Nge7 8.O-O O-O 
9.f5 gxf5 10.Qh5 Nd4 11.Ng5 h6 12.Nf3 Nxf3+ 13.Rxf3 fxe4 14.dxe4 Kh7 15.
Rxf7 Rxf7 16.Qxf7 Bd7 17.Be3 Be8 18.Qe6 Nc6 19.Bh3 Nd4 20.Bxd4 cxd4 21.Nd5
Qg5 22.Rf1 Bh5 23.Qxd6 Qd2 24.Qd7 Bg6 25.Bf5 Bxf5 26.Qxf5+ Kh8 27.Nf6 Qe3+
28.Kg2 Bxf6 29.Qxf6+ Kg8 30.Qg6+ Kh8 31.Rf7 Qe2+ 32.Kh3 1-0

[Event "zonal 1.4 (w)"]
[Site "Nadole POL"]
[Date "1995.06.??"]
[Round "?"]
[White "Grabics, Monika"]
[Black "Olarasu, Gabriela"]
[Result "0-1"]
[WhiteElo "2315"]
[BlackElo "2270"]
[EventDate "1995.06.03"]
[PlyCount "112"]

1.e4 d6 2.d4 Nf6 3.Nc3 e5 4.Nf3 Nbd7 5.Bc4 Be7 6.O-O c6 7.Re1 b5 8.Bb3 O-O
9.d5 cxd5 10.Nxd5 Nxd5 11.Bxd5 Rb8 12.a4 Qc7 13.axb5 Rxb5 14.Be3 a6 15.Qd2
Nf6 16.c4 Rb3 17.Qc2 Qb8 18.Reb1 Nxd5 19.exd5 h6 20.c5 f5 21.Nd2 Rb5 22.
cxd6 Qxd6 23.Nc4 Qxd5 24.Nb6 Qe6 25.Nxc8 Rxc8 26.Qa4 Rc6 27.Re1 f4 28.Bc1 
Qd5 29.Rd1 Rb4 30.Rxd5 Rxa4 31.Rb1 Re4 32.Bd2 g5 33.f3 Rd4 34.Rxe5 Rxd2 
35.Rxe7 Rcc2 36.Rbe1 Rxg2+ 37.Kh1 Rxh2+ 38.Kg1 Rcg2+ 39.Kf1 Rxb2 40.Kg1 
Rbg2+ 41.Kf1 Rc2 42.Kg1 Rhd2 43.R7e6 Kg7 44.R6e5 Kg6 45.Re6+ Kh5 46.Rxa6 
Kh4 47.Rxh6+ Kg3 48.Rf1 Rg2+ 49.Kh1 Rh2+ 50.Rxh2 Rxh2+ 51.Kg1 Rg2+ 52.Kh1 
Rf2 53.Rg1+ Kh3 54.Rxg5 Rf1+ 55.Rg1 Rxg1+ 56.Kxg1 Kg3 0-1

[Event "zonal 1.4 (w)"]
[Site "Nadole POL"]
[Date "1995.06.??"]
[Round "?"]
[White "Bobrowska, Monika"]
[Black "Lakos, Nikoletta"]
[Result "1-0"]
[WhiteElo "2310"]
[BlackElo "2265"]
[EventDate "1995.06.03"]
[PlyCount "77"]

1.d4 Nf6 2.Nf3 g6 3.c4 Bg7 4.Nc3 O-O 5.e4 c6 6.e5 Ne8 7.Bf4 d6 8.h3 Nd7 9.
exd6 Nxd6 10.Be2 c5 11.d5 Qa5 12.Bd2 a6 13.O-O Nf6 14.Rc1 Bd7 15.a3 Rfc8 
16.Re1 Qb6 17.Bd3 Qd8 18.Bf4 b5 19.Qe2 bxc4 20.Bxc4 Qb6 21.b3 Re8 22.Ne5 
Bb5 23.a4 Bxc4 24.bxc4 e6 25.Qd3 Nf5 26.a5 Qd8 27.Nc6 Qd7 28.Be5 exd5 29.
cxd5 Rac8 30.Bxf6 Bxf6 31.Rxe8+ Rxe8 32.Ne4 Bd4 33.Nxd4 Rxe4 34.Qxe4 Nxd4 
35.Rxc5 Nb3 36.Rc6 h5 37.Rxa6 Nc5 38.Ra8+ Kh7 39.Qd4 1-0

[Event "zonal 1.4 (w)"]
[Site "Nadole POL"]
[Date "1995.06.??"]
[Round "?"]
[White "Lakos, Nikoletta"]
[Black "Veroci, Zsuzsa"]
[Result "1/2-1/2"]
[WhiteElo "2265"]
[BlackElo "2305"]
[EventDate "1995.06.03"]
[PlyCount "30"]

1.e4 e5 2.Nf3 Nc6 3.Bc4 Bc5 4.c3 Nf6 5.d3 d6 6.O-O a6 7.Bb3 Ba7 8.Nbd2 O-O
9.h3 h6 10.Re1 Nh5 11.Nf1 Qf6 12.Be3 Bxe3 13.Nxe3 Nf4 14.Nd5 Nxd5 15.exd5 
Ne7 1/2-1/2

[Event "zonal 1.4 (w)"]
[Site "Nadole POL"]
[Date "1995.06.??"]
[Round "?"]
[White "Olarasu, Gabriela"]
[Black "Lakos, Nikoletta"]
[Result "1-0"]
[WhiteElo "2270"]
[BlackElo "2265"]
[EventDate "1995.06.03"]
[PlyCount "57"]

1.d4 Nf6 2.c4 g6 3.Nc3 Bg7 4.e4 O-O 5.Be3 d6 6.Nf3 c5 7.h3 cxd4 8.Nxd4 b6 
9.g4 Bb7 10.Bg2 Nbd7 11.O-O Nc5 12.f3 a6 13.Qd2 Re8 14.Rad1 Qc7 15.Nde2 
Red8 16.Nd5 Nxd5 17.exd5 b5 18.Rc1 Qd7 19.Rfd1 Rdc8 20.b4 Na4 21.c5 Nb2 
22.c6 Bxc6 23.dxc6 Qe6 24.Nf4 Qe5 25.Nd3 Qf6 26.Nxb2 Qxb2 27.Qxb2 Bxb2 28.
Rc2 Ba3 29.f4 1-0

[Event "zonal 1.4 (w)"]
[Site "Nadole POL"]
[Date "1995.06.??"]
[Round "?"]
[White "Radu, Elena-Luminita"]
[Black "Vajda, Szidonia"]
[Result "1/2-1/2"]
[WhiteElo "2330"]
[BlackElo "2205"]
[EventDate "1995.06.03"]
[PlyCount "37"]

1.e4 e5 2.Bc4 Nf6 3.d3 c6 4.Nf3 d5 5.Bb3 Bd6 6.Bg5 Be6 7.Nbd2 Nbd7 8.d4 h6
9.Bh4 Qc7 10.dxe5 Bxe5 11.exd5 Bxd5 12.O-O O-O 13.Nxe5 Qxe5 14.c3 Bxb3 15.
Nxb3 Rfe8 16.Re1 Qf4 17.Bg3 Qg5 18.Qd4 b6 19.f3 1/2-1/2

[Event "zonal 1.4 (w)"]
[Site "Nadole POL"]
[Date "1995.06.??"]
[Round "?"]
[White "Nutu-Gajic, Daniela"]
[Black "Vajda, Szidonia"]
[Result "1/2-1/2"]
[WhiteElo "2320"]
[BlackElo "2205"]
[EventDate "1995.06.03"]
[PlyCount "96"]

1.Nf3 d5 2.c4 e6 3.g3 f5 4.Bg2 Nf6 5.O-O Bd6 6.d4 c6 7.Qc2 O-O 8.Bf4 h6 9.
Nbd2 Ne4 10.Bxd6 Qxd6 11.Ne5 Nd7 12.c5 Qc7 13.Nxd7 Bxd7 14.Nf3 Be8 15.Ne5 
Nf6 16.b4 Ng4 17.Nxg4 fxg4 18.e4 Bg6 19.Qe2 h5 20.e5 Qe7 21.Qe3 h4 22.h3 
gxh3 23.Bxh3 hxg3 24.fxg3 a5 25.Rxf8+ Kxf8 26.bxa5 Rxa5 27.a4 Be4 28.Qf4+ 
Kg8 29.Qh4 Qe8 30.Ra2 Ra8 31.Qg5 Qd7 32.a5 Rf8 33.Rf2 Rxf2 34.Kxf2 Qf7+ 
35.Qf4 Qg6 36.Ke1 Bc2 37.Qh4 Bf5 38.Qd8+ Kh7 39.Qh4+ Kg8 40.Bf1 Bg4 41.
Qd8+ Kh7 42.Qh4+ Kg8 43.Kd2 Bf5 44.Be2 Bb1 45.Ke1 Qc2 46.Kf2 Qb2 47.Qd8+ 
Kh7 48.Qh4+ Kg8 1/2-1/2

[Event "zonal 1.4 (w)"]
[Site "Nadole POL"]
[Date "1995.06.??"]
[Round "?"]
[White "Leszner, Liliana"]
[Black "Veroci, Zsuzsa"]
[Result "0-1"]
[WhiteElo "2205"]
[BlackElo "2305"]
[EventDate "1995.06.03"]
[PlyCount "82"]

1.e4 c5 2.Nf3 e6 3.b3 a6 4.Bb2 Nc6 5.Be2 Nf6 6.Nc3 d6 7.O-O Be7 8.d4 cxd4 
9.Nxd4 Qc7 10.Kh1 Bd7 11.f4 Rc8 12.Bf3 O-O 13.Rc1 Rfd8 14.Nce2 e5 15.Nf5 
Bxf5 16.exf5 e4 17.Bh5 Nxh5 18.g4 Nf6 19.g5 Ne8 20.Ng3 d5 21.f6 Bf8 22.
fxg7 Bxg7 23.Bxg7 Nxg7 24.f5 Qe5 25.f6 Ne6 26.Nf5 e3 27.Qh5 Rd7 28.Rce1 d4
29.Kg1 Kh8 30.h4 Rg8 31.Kh1 Qe4+ 32.Kg1 Ne5 33.Nh6 Nf4 34.Rxf4 Qxf4 35.Rf1
Qg3+ 36.Kh1 e2 37.Qxe2 Qxh4+ 38.Qh2 Qe4+ 39.Qg2 Qxg2+ 40.Kxg2 Rxg5+ 41.Kf2
Ng4+ 0-1

[Event "zonal 1.4 (w)"]
[Site "Nadole POL"]
[Date "1995.06.??"]
[Round "?"]
[White "Veroci, Zsuzsa"]
[Black "Vajda, Szidonia"]
[Result "1-0"]
[WhiteElo "2305"]
[BlackElo "2205"]
[EventDate "1995.06.03"]
[PlyCount "87"]

1.e4 e5 2.Nf3 Nc6 3.Bb5 a6 4.Ba4 Nf6 5.Qe2 b5 6.Bb3 Be7 7.O-O O-O 8.c3 d5 
9.d3 Re8 10.Re1 Bb7 11.Nbd2 Bf8 12.a3 Na5 13.Ba2 c5 14.b4 cxb4 15.axb4 Nc6
16.exd5 Nxd5 17.Ne4 Qd7 18.Bd2 Kh8 19.Rad1 Rad8 20.Nh4 Bc8 21.h3 Be7 22.
Nf3 f5 23.Nc5 Bxc5 24.bxc5 h6 25.Qf1 a5 26.c4 Ndb4 27.cxb5 Nd4 28.Nxd4 
Qxd4 29.Be3 Qh4 30.Bf7 Re7 31.Bc4 f4 32.Bd2 Nc2 33.Bxa5 Rf8 34.Bc3 Nxe1 
35.Rxe1 Rf5 36.Bd5 Rg5 37.Kh2 e4 38.Bxe4 Rxc5 39.Bb4 Rxe4 40.Bxc5 Ra4 41.
Re8+ Kh7 42.Rxc8 Qf6 43.d4 f3 44.Qd3+ 1-0

[Event "zonal 1.4 (w)"]
[Site "Nadole POL"]
[Date "1995.06.??"]
[Round "?"]
[White "Grabics, Monika"]
[Black "Kiss, Fernanda"]
[Result "1-0"]
[WhiteElo "2315"]
[BlackElo "2170"]
[EventDate "1995.06.03"]
[PlyCount "71"]

1.e4 c5 2.Nf3 e6 3.d4 cxd4 4.Nxd4 Nf6 5.Nc3 Nc6 6.Ndb5 Bb4 7.a3 Bxc3+ 8.
Nxc3 d5 9.exd5 exd5 10.Qe2+ Be6 11.Bg5 Rc8 12.O-O-O O-O 13.f3 Na5 14.Qe5 
Re8 15.Bxf6 gxf6 16.Qg3+ Kh8 17.Bd3 d4 18.Nb5 Qd5 19.Rde1 Rxc2+ 20.Bxc2 d3
21.Nc3 Qf5 22.Qg4 Qc5 23.Qa4 Rd8 24.Qf4 Bf5 25.Rd1 Rd4 26.Qb8+ Kg7 27.Qg3+
Kh8 28.Rhe1 Qc6 29.Qb8+ Kg7 30.Re8 dxc2 31.Rg8+ Kh6 32.Qf8+ Kh5 33.g4+ 
Rxg4 34.fxg4+ Bxg4 35.Rd5+ Kh4 36.Qh6+ 1-0

[Event "zonal 1.4 (w)"]
[Site "Nadole POL"]
[Date "1995.06.??"]
[Round "?"]
[White "Guzkowska, Magdalena"]
[Black "Radu, Elena-Luminita"]
[Result "0-1"]
[WhiteElo "2155"]
[BlackElo "2330"]
[EventDate "1995.06.03"]
[PlyCount "138"]

1.d4 d5 2.c4 e6 3.Nc3 c6 4.cxd5 exd5 5.Nf3 Bf5 6.Bf4 Nf6 7.e3 Be7 8.Bd3 
Bxd3 9.Qxd3 Nbd7 10.O-O Nh5 11.Ne2 Nxf4 12.Nxf4 Bd6 13.Ne2 O-O 14.Rfc1 Re8
15.b4 Bxb4 16.Rab1 Qe7 17.Rb3 Nb6 18.Rcb1 Bd6 19.Nd2 Rad8 20.a4 Rd7 21.a5 
Nc8 22.Nc3 b5 23.Na2 Bc7 24.a6 Nb6 25.g3 Nc4 26.Nb4 Qf6 27.Kg2 Ba5 28.Nf3 
Bxb4 29.Rxb4 Rde7 30.Ne1 h5 31.h4 g6 32.Nc2 Qe6 33.Qd1 Kg7 34.R4b3 Qd6 35.
Ne1 Re6 36.Kg1 Rf6 37.Ng2 Qe6 38.Nf4 Qc8 39.Ra1 Qf5 40.Ra2 Qc8 41.Nd3 Rfe6
42.Nc5 R6e7 43.Kg2 f6 44.Qf3 Qg4 45.Qxg4 hxg4 46.Kf1 Rh8 47.Ke2 g5 48.hxg5
f5 49.Ra1 Kg6 50.Nd3 Kxg5 51.Rc1 Rh6 52.Nb4 Reh7 53.Rbb1 Rh8 54.Nd3 Kf6 
55.Nf4 Ke7 56.Nd3 Kd6 57.Nc5 Kc7 58.Ra1 R8h7 59.Rcb1 Rh2 60.Rf1 Re7 61.Kd3
Kb6 62.Nb7 b4 63.Rae1 Kxa6 64.Nc5+ Kb5 65.Re2 a5 66.Ra1 Ra7 67.Rea2 a4 68.
Nxa4 Rxa4 69.Rxa4 Nb2+ 0-1

[Event "zonal 1.4 (w)"]
[Site "Nadole POL"]
[Date "1995.06.??"]
[Round "?"]
[White "Guzkowska, Magdalena"]
[Black "Nutu-Gajic, Daniela"]
[Result "1/2-1/2"]
[WhiteElo "2155"]
[BlackElo "2320"]
[EventDate "1995.06.03"]
[PlyCount "97"]

1.d4 Nf6 2.c4 e6 3.Nc3 d5 4.Nf3 Bb4 5.e3 O-O 6.a3 Bxc3+ 7.bxc3 c5 8.Bd3 
dxc4 9.Bxc4 b6 10.Qe2 Bb7 11.O-O Nbd7 12.Bb2 Qc7 13.Nd2 e5 14.e4 Ne8 15.d5
Nd6 16.Bd3 Rae8 17.Bb5 Nxb5 18.Qxb5 a6 19.Qe2 Qd6 20.a4 f5 21.f3 Qg6 22.c4
a5 23.exf5 Rxf5 24.Ne4 Ba6 25.Rac1 Ref8 26.Rc2 h6 27.Bc1 R5f7 28.Bb2 Rd8 
29.Qe1 Re7 30.Qg3 Qf5 31.Qh4 Nf6 32.Re1 Rdd7 33.Bc1 Ne8 34.Rc3 Rf7 35.g4 
Qg6 36.Qg3 Rf8 37.Kh1 Re7 38.h4 Ref7 39.h5 Qh7 40.Qxe5 Bc8 41.Qg3 g5 42.
hxg6 Qxg6 43.Kg2 Bd7 44.Qh4 Rh7 45.Ng3 Nd6 46.Qh5 Qb1 47.Ne4 Qa2+ 48.Nd2 
Rf6 49.Re5 1/2-1/2

[Event "zonal 1.4 (w)"]
[Site "Nadole POL"]
[Date "1995.06.??"]
[Round "?"]
[White "Vajda, Szidonia"]
[Black "Olarasu, Gabriela"]
[Result "1-0"]
[WhiteElo "2205"]
[BlackElo "2270"]
[EventDate "1995.06.03"]
[PlyCount "83"]

1.e4 e5 2.Nf3 Nc6 3.d4 exd4 4.c3 d5 5.exd5 Qxd5 6.cxd4 Nf6 7.Nc3 Bb4 8.Be2
Ne4 9.Bd2 Bxc3 10.bxc3 Nxd2 11.Qxd2 O-O 12.Rb1 a6 13.O-O Rb8 14.c4 Qd6 15.
Rfd1 Bg4 16.h3 Bh5 17.Qc3 Qf6 18.Rb2 Rfd8 19.Rbd2 Rd6 20.Qe3 Re6 21.Qb3 
Re4 22.d5 Ne5 23.d6 cxd6 24.Rxd6 Nxf3+ 25.Bxf3 Bxf3 26.Rxf6 Bxd1 27.Qg3 
Rbe8 28.Rb6 R4e7 29.Qa3 Bc2 30.f3 Bf5 31.Qb4 Bc8 32.Rd6 f6 33.c5 Kf8 34.
Kh2 Kf7 35.Qh4 Kg8 36.Qc4+ Kf8 37.Qh4 Kg8 38.Qb4 Kf7 39.c6 bxc6 40.Rxc6 
Bb7 41.Rb6 Ba8 42.Rxa6 1-0

[Event "zonal 1.4 (w)"]
[Site "Nadole POL"]
[Date "1995.06.??"]
[Round "?"]
[White "Veroci, Zsuzsa"]
[Black "Guzkowska, Magdalena"]
[Result "1/2-1/2"]
[WhiteElo "2305"]
[BlackElo "2155"]
[EventDate "1995.06.03"]
[PlyCount "58"]

1.e4 c5 2.Nf3 e6 3.d4 cxd4 4.Nxd4 a6 5.Bd3 Nc6 6.Nxc6 dxc6 7.Nd2 Qc7 8.a4 
Nf6 9.O-O e5 10.Nc4 Bc5 11.Bg5 Be6 12.Qf3 Nd7 13.Qg3 f6 14.Bd2 O-O 15.b4 
Bd4 16.Rad1 Nb6 17.Nxb6 Bxb6 18.a5 Ba7 19.Be2 Rfd8 20.Be3 Bxe3 21.Qxe3 
Rxd1 22.Rxd1 Rd8 23.Rxd8+ Qxd8 24.c3 Kf7 25.Kf1 Qd6 26.Ke1 Qd7 27.Qc5 Bg4 
28.Bc4+ Be6 29.Be2 Bg4 1/2-1/2

[Event "zonal 1.4 (w)"]
[Site "Nadole POL"]
[Date "1995.06.??"]
[Round "?"]
[White "Dworakowska, Joanna"]
[Black "Leszner, Liliana"]
[Result "1-0"]
[WhiteElo "2225"]
[BlackElo "2205"]
[EventDate "1995.06.03"]
[PlyCount "107"]

1.e4 d6 2.d4 g6 3.Nc3 Bg7 4.Be3 a6 5.Qd2 b5 6.Nge2 Bb7 7.f3 Nd7 8.a4 b4 9.
Nd1 a5 10.Ng3 Ba6 11.Bxa6 Rxa6 12.f4 Ngf6 13.Nf2 O-O 14.Rd1 Qc8 15.O-O c5 
16.d5 c4 17.f5 Nc5 18.Ra1 Nfd7 19.Ng4 Ne5 20.Nh6+ Kh8 21.Bd4 Qe8 22.fxg6 
fxg6 23.Rxf8+ Qxf8 24.Rf1 Qe8 25.Bxe5 dxe5 26.Nf7+ Kg8 27.Qe2 Nxa4 28.Qxc4
Rf6 29.Ng5 Rxf1+ 30.Nxf1 Bf6 31.d6+ Kg7 32.Ne6+ Kh8 33.Nc7 Qd7 34.Qf7 h5 
35.Qf8+ Kh7 36.Qf7+ Kh6 37.Qf8+ Kg5 38.dxe7 Qxe7 39.Qc8 Qc5+ 40.Kh1 Kh6 
41.Qe8 Nxb2 42.Nd5 Bg7 43.Ne7 Qd6 44.Ne3 Qa6 45.Qf7 h4 46.g3 hxg3 47.h4 
g2+ 48.Kh2 Kh7 49.Ng4 g1=Q+ 50.Kxg1 Qa7+ 51.Kh2 Qxe7 52.Qxe7 Nc4 53.Nf6+ 
Kh6 54.Ne8 1-0

[Event "zonal 1.4 (w)"]
[Site "Nadole POL"]
[Date "1995.06.??"]
[Round "?"]
[White "Kiss, Fernanda"]
[Black "Leszner, Liliana"]
[Result "0-1"]
[WhiteElo "2170"]
[BlackElo "2205"]
[EventDate "1995.06.03"]
[PlyCount "92"]

1.e4 d6 2.d4 g6 3.Nc3 Bg7 4.g3 Nf6 5.Bg2 O-O 6.Nge2 Nc6 7.h3 e5 8.Be3 Re8 
9.O-O exd4 10.Nxd4 Ne5 11.Qe2 Bd7 12.Rad1 Qc8 13.Kh2 a6 14.f4 Nc6 15.Qf2 
Rb8 16.Rde1 Na5 17.Bc1 c5 18.Nf3 Be6 19.e5 dxe5 20.fxe5 Nd7 21.Ne4 Rf8 22.
Nd6 Qc7 23.Bf4 Qb6 24.b3 Nc6 25.Nxf7 Rxf7 26.Ng5 Nd8 27.Nxf7 Nxf7 28.c4 g5
29.Bd2 Bxe5 30.Be4 Qd6 31.Rd1 Qe7 32.Qf3 Nf6 33.Bf5 Bxf5 34.Qxf5 Ne4 35.
Be1 Nfd6 36.Qg4 h6 37.Rd5 Nf6 38.Qf3 Nxd5 39.Qxd5+ Kg7 40.Qxc5 Re8 41.Rf3 
Qe6 42.Re3 Nf5 43.Rf3 b6 44.Qb4 Bd4 45.Bf2 Qe2 46.Rxf5 Bxf2 0-1

[Event "zonal 1.4 (w)"]
[Site "Nadole POL"]
[Date "1995.06.??"]
[Round "?"]
[White "Vajda, Szidonia"]
[Black "Kiss, Fernanda"]
[Result "1/2-1/2"]
[WhiteElo "2205"]
[BlackElo "2170"]
[EventDate "1995.06.03"]
[PlyCount "62"]

1.e4 c6 2.d4 d5 3.exd5 cxd5 4.c4 Nf6 5.Nc3 g6 6.Qb3 Bg7 7.cxd5 Nbd7 8.Be2 
Nb6 9.Bf3 O-O 10.Nge2 Bg4 11.Bxg4 Nxg4 12.Bf4 Nf6 13.d6 exd6 14.a4 a5 15.
O-O Re8 16.Rfe1 Nh5 17.Be3 Rc8 18.Qb5 Nc4 19.Nd5 Nxe3 20.Nxe3 Bh6 21.Ng4 
Bg7 22.Ne3 Bh6 23.Ng4 Bg7 24.Rac1 Rxc1 25.Rxc1 Re7 26.Kf1 Nf6 27.Nxf6+ 
Bxf6 28.Qd3 Bg7 29.b3 h5 30.Rc4 b6 31.Rc1 Bh6 1/2-1/2

[Event "zonal 1.4 (w)"]
[Site "Nadole POL"]
[Date "1995.06.??"]
[Round "?"]
[White "Vajda, Szidonia"]
[Black "Guzkowska, Magdalena"]
[Result "0-1"]
[WhiteElo "2205"]
[BlackElo "2155"]
[EventDate "1995.06.03"]
[PlyCount "86"]

1.e4 c5 2.c3 d5 3.exd5 Qxd5 4.d4 e6 5.Nf3 Nf6 6.Bd3 Be7 7.a3 O-O 8.c4 Qh5 
9.dxc5 Qxc5 10.Qe2 a6 11.O-O Nbd7 12.Nbd2 Qc7 13.Ne4 h6 14.Rd1 b6 15.Nxf6+
Nxf6 16.b3 Bb7 17.Bb2 Rac8 18.Rac1 Qf4 19.Ne1 Bc5 20.Bxf6 Qxf6 21.Nc2 Qf4 
22.b4 Be7 23.Ne3 Rfd8 24.Rc2 Bf6 25.c5 bxc5 26.bxc5 Bd4 27.Rb1 Rc7 28.Rc4 
Qe5 29.Rcb4 Be4 30.Bxe4 Qxe4 31.Qxa6 Rxc5 32.Nf1 Qc2 33.Ne3 Bxe3 34.fxe3 
Rd1+ 35.Rxd1 Qxd1+ 36.Kf2 Rc2+ 37.Kg3 Qe1+ 38.Kf3 Rf2+ 39.Ke4 Rxg2 40.Rb8+
Kh7 41.Qb7 Rg4+ 42.Kf3 Qd1+ 43.Kf2 Qd2+ 0-1

[Event "zonal 1.4 (w)"]
[Site "Nadole POL"]
[Date "1995.06.??"]
[Round "1.2"]
[White "Holoubkova, Martina"]
[Black "Radu, Elena-Luminita"]
[Result "0-1"]
[WhiteElo "2230"]
[BlackElo "2330"]
[EventDate "1995.06.03"]
[PlyCount "146"]

1.e4 e6 2.d3 d5 3.Nd2 c5 4.Ngf3 Nc6 5.g3 Nf6 6.Bg2 Be7 7.O-O b6 8.Re1 Bb7 
9.c3 Qc7 10.a3 h6 11.Nf1 O-O-O 12.e5 Nd7 13.d4 g5 14.h3 Rdg8 15.b4 c4 16.
Ra2 a6 17.g4 h5 18.Ng3 hxg4 19.hxg4 Nf8 20.Nh5 Nb8 21.Be3 Nbd7 22.Qd2 Qd8 
23.Kf1 Ng6 24.Raa1 Nh4 25.Nxh4 gxh4 26.Bh3 Nf8 27.Ke2 Kb8 28.Rg1 Bc6 29.
Raf1 Be8 30.Ke1 Qd7 31.Qd1 Bd8 32.f4 Qa4 33.Qxa4 Bxa4 34.Kd2 Nh7 35.Rf3 
Be8 36.Kc1 Kb7 37.Kb2 Kc6 38.f5 Bg5 39.Nf4 Bxf4 40.Rxf4 Ng5 41.Rh1 Ne4 42.
Rh2 Bd7 43.Bf2 a5 44.Be1 axb4 45.cxb4 Ng5 46.Bf1 h3 47.Bd2 Kb7 48.fxe6 
Bxe6 49.Be1 Ra8 50.b5 Bd7 51.Bb4 Rh7 52.Be7 Ne6 53.Rf6 Nxd4 54.Rxh3 Rxh3 
55.Bxh3 Be6 56.Bg2 Nxb5 57.g5 Re8 58.Bb4 Rg8 59.a4 Nc7 60.Bd2 Ne8 61.Rf2 
Nc7 62.Bf3 Rh8 63.Be3 Rh3 64.Bd4 Na6 65.Be2 Nb4 66.Bc3 Nc6 67.Bf3 Kc7 68.
Kb1 Kd7 69.Kc2 Rg3 70.Bh5 d4 71.Bd2 c3 72.Bxf7 Nb4+ 73.Kd1 Bg4+ 0-1

[Event "zonal 1.4 (w)"]
[Site "Nadole POL"]
[Date "1995.06.??"]
[Round "1.3"]
[White "Nutu-Gajic, Daniela"]
[Black "Dworakowska, Joanna"]
[Result "0-1"]
[WhiteElo "2320"]
[BlackElo "2225"]
[EventDate "1995.06.03"]
[PlyCount "56"]

1.d4 Nf6 2.c4 g6 3.Nc3 Bg7 4.e4 d6 5.Nf3 O-O 6.Be2 e5 7.Be3 Ng4 8.Bg5 f6 
9.Bh4 Nc6 10.d5 Ne7 11.Nd2 f5 12.exf5 gxf5 13.Bxg4 fxg4 14.Nde4 Qe8 15.Nb5
Ng6 16.Bg5 Nf4 17.g3 Qg6 18.Nbc3 Bf5 19.Qb1 h6 20.gxf4 exf4 21.Bf6 Bxf6 
22.Nxf6+ Qxf6 23.Qd1 Rae8+ 24.Kf1 Qh4 25.h3 Kh7 26.Qd2 gxh3 27.Rh2 Qg4 28.
Qd1 f3 0-1

[Event "zonal 1.4 (w)"]
[Site "Nadole POL"]
[Date "1995.06.??"]
[Round "1.4"]
[White "Vajda, Szidonia"]
[Black "Grabics, Monika"]
[Result "1-0"]
[WhiteElo "2205"]
[BlackElo "2315"]
[EventDate "1995.06.03"]
[PlyCount "87"]

1.e4 c5 2.c3 Nf6 3.e5 Nd5 4.d4 cxd4 5.Nf3 Nc6 6.Bc4 Nb6 7.Bb3 d5 8.exd6 
Qxd6 9.O-O Be6 10.Na3 dxc3 11.Qe2 Bxb3 12.Nb5 Qb8 13.axb3 e5 14.Re1 f6 15.
Nfd4 Nxd4 16.Nxd4 Kf7 17.bxc3 Qc8 18.Nf3 Bd6 19.Be3 Nd5 20.Qd3 Nxe3 21.
Rxe3 Qe6 22.Qe4 Rhe8 23.Qxh7 Qxb3 24.Rb1 Qd5 25.Rd3 Qc6 26.Nh4 Rad8 27.
Qg6+ Ke6 28.Rbd1 Be7 29.Nf3 Rxd3 30.Rxd3 Bd6 31.Ng5+ Kd7 32.Nf7 Re6 33.Qg4
Ke7 34.Qxg7 Ke8 35.Qg8+ Ke7 36.Nd8 Qc4 37.Rh3 Bc5 38.Qf7+ Kd6 39.Nxb7+ Kd5
40.Nd8 Bxf2+ 41.Kxf2 Qf4+ 42.Rf3 Qd2+ 43.Kg1 Qc1+ 44.Rf1 1-0

[Event "zonal 1.4 (w)"]
[Site "Nadole POL"]
[Date "1995.06.??"]
[Round "1.5"]
[White "Bobrowska, Monika"]
[Black "Leszner, Liliana"]
[Result "1-0"]
[WhiteElo "2310"]
[BlackElo "2205"]
[EventDate "1995.06.03"]
[PlyCount "85"]

1.d4 d6 2.Nf3 Nf6 3.c4 Nbd7 4.Nc3 c6 5.e4 e5 6.Be2 Be7 7.O-O O-O 8.Qc2 Re8
9.d5 Qc7 10.Be3 a6 11.Rfc1 Bf8 12.b4 cxd5 13.cxd5 g6 14.Nd2 Bg7 15.Qd3 Qd8
16.Nc4 Qe7 17.b5 h5 18.bxa6 bxa6 19.f3 h4 20.Na4 Nh5 21.Ncb6 Nxb6 22.Nxb6 
Nf4 23.Qd2 Rb8 24.Nxc8 Rexc8 25.Rxc8+ Rxc8 26.Bxa6 Rb8 27.a4 Bh6 28.Kh1 
Qg5 29.a5 Rb3 30.Bxf4 Qxf4 31.Qc2 Qe3 32.Bf1 Rc3 33.Qb2 Qc5 34.a6 Rc2 35.
Qxc2 Qxc2 36.a7 Be3 37.a8=Q+ Kg7 38.Qa2 Qc3 39.Rd1 Bc5 40.Qd2 Qb3 41.Be2 
Bb4 42.Qd3 Qa2 43.f4 1-0

[Event "zonal 1.4 (w)"]
[Site "Nadole POL"]
[Date "1995.06.??"]
[Round "1.6"]
[White "Krupkova, Petra"]
[Black "Veroci, Zsuzsa"]
[Result "1-0"]
[WhiteElo "2195"]
[BlackElo "2305"]
[EventDate "1995.06.03"]
[PlyCount "53"]

1.c4 Nf6 2.Nc3 g6 3.e4 e5 4.Nf3 d6 5.d4 Nbd7 6.g3 Bg7 7.Bg2 O-O 8.O-O a6 
9.Re1 exd4 10.Nxd4 Ne5 11.b3 c5 12.Nc2 Re8 13.h3 Nh5 14.Bb2 Rb8 15.Kh2 b5 
16.cxb5 axb5 17.f4 Nc6 18.e5 Nd4 19.Nxd4 cxd4 20.Qxd4 dxe5 21.Qa7 Be6 22.
fxe5 Nxg3 23.Kxg3 Qg5+ 24.Kh2 Qf4+ 25.Kg1 Bxe5 26.Rxe5 Qxe5 27.Qf2 1-0

[Event "zonal 1.4 (w)"]
[Site "Nadole POL"]
[Date "1995.06.??"]
[Round "1.7"]
[White "Peptan, Corina-Isabela"]
[Black "Ptacnikova, Lenka"]
[Result "1-0"]
[WhiteElo "2295"]
[BlackElo "2185"]
[EventDate "1995.06.03"]
[PlyCount "83"]

1.e4 c5 2.Nf3 Nc6 3.d4 cxd4 4.Nxd4 Nf6 5.Nc3 e6 6.Ndb5 Bb4 7.Nd6+ Ke7 8.
Nxc8+ Rxc8 9.Bd3 d5 10.exd5 Nxd5 11.O-O Nxc3 12.bxc3 Bd6 13.Qg4 Kf8 14.Rb1
Qc7 15.f4 h5 16.Qf3 b6 17.Be3 Ne7 18.Bd4 Bc5 19.Kh1 Nc6 20.Bxc5+ bxc5 21.
Ba6 Rb8 22.Qxc6 Qxc6 23.Rxb8+ Ke7 24.Bb5 Qd5 25.Rxh8 Qxa2 26.Rxh5 a6 27.
Bd3 c4 28.Be2 a5 29.Rb5 a4 30.Rb4 Qxc2 31.Bxc4 a3 32.Rb3 a2 33.Ra3 Qb2 34.
Rxa2 Qxc3 35.Be2 Qe3 36.g3 Qb3 37.Ra7+ Kf6 38.Bf3 Qd3 39.Kg2 Qd2+ 40.Rf2 
Qd4 41.Rb7 Qc5 42.h4 1-0

[Event "zonal 1.4 (w)"]
[Site "Nadole POL"]
[Date "1995.06.??"]
[Round "1.8"]
[White "Kiss, Fernanda"]
[Black "Olarasu, Gabriela"]
[Result "1-0"]
[WhiteElo "2170"]
[BlackElo "2270"]
[EventDate "1995.06.03"]
[PlyCount "47"]

1.e4 e5 2.Nf3 Nf6 3.Nc3 d6 4.d4 Nbd7 5.Bc4 Be7 6.O-O c6 7.a4 O-O 8.h3 exd4
9.Qxd4 Nc5 10.Bf4 Ncxe4 11.Nxe4 d5 12.Bxd5 Nxd5 13.Be5 f6 14.Bg3 Bf5 15.
Rfe1 Nb4 16.Nd6 Bxd6 17.Bxd6 Nxc2 18.Qc4+ Kh8 19.Bxf8 Nxa1 20.Nd4 Qd7 21.
Re7 Rxf8 22.Rxd7 Bxd7 23.b4 c5 24.bxc5 1-0

[Event "zonal 1.4 (w)"]
[Site "Nadole POL"]
[Date "1995.06.??"]
[Round "1.10"]
[White "Dojkova, Galina"]
[Black "Aleksieva, Silvia"]
[Result "0-1"]
[WhiteElo "2155"]
[BlackElo "2255"]
[EventDate "1995.06.03"]
[PlyCount "54"]

1.e4 c5 2.Nf3 e6 3.d4 cxd4 4.Nxd4 Nf6 5.Bd3 Nc6 6.Be3 d6 7.O-O Be7 8.c4 a6
9.Nc3 Bd7 10.b3 O-O 11.Nxc6 Bxc6 12.f4 b5 13.cxb5 axb5 14.e5 dxe5 15.fxe5 
Nd5 16.Bd4 Nxc3 17.Bxc3 Qd5 18.Qc2 g6 19.a4 bxa4 20.bxa4 Rxa4 21.Rxa4 Bxa4
22.Qxa4 Bc5+ 23.Kh1 Qxd3 24.Qa1 Rd8 25.Bb2 Kg7 26.Qb1 Qxb1 27.Rxb1 Rb8 0-1

[Event "zonal 1.4 (w)"]
[Site "Nadole POL"]
[Date "1995.06.??"]
[Round "1.11"]
[White "Repkova, Eva"]
[Black "Ciganikova, Andrea"]
[Result "1-0"]
[WhiteElo "2250"]
[BlackElo "2115"]
[EventDate "1995.06.03"]
[PlyCount "85"]

1.e4 c5 2.Nf3 Nc6 3.d4 cxd4 4.Nxd4 Nf6 5.Nc3 e5 6.Ndb5 d6 7.Nd5 Nxd5 8.
exd5 Ne7 9.c4 Ng6 10.Qa4 Bd7 11.Qb4 Bxb5 12.Qxb5+ Qd7 13.Qb3 a6 14.h4 h5 
15.Qg3 Qg4 16.Qb3 Qd7 17.Be2 Ne7 18.Bd3 g6 19.Bg5 Bg7 20.Qa3 f6 21.Be3 f5 
22.f3 f4 23.Bf2 Nf5 24.Rc1 Kf7 25.b4 Rac8 26.c5 Nd4 27.O-O Rc7 28.Rfe1 
dxc5 29.bxc5 Bf6 30.Bxd4 exd4 31.Re6 Kg7 32.Be4 Rcc8 33.Qb4 Rhd8 34.Rb6 
Qe7 35.d6 Qe6 36.Rxb7+ Kh6 37.Qd2 Qe5 38.g3 Rb8 39.gxf4 Qe8 40.c6 Rxb7 41.
cxb7 Rb8 42.Rc7 Qd8 43.Qg2 1-0